[Event "ISL-chT1 1920"]
[Site "Reykjavik"]
[Date "2019.10.04"]
[Round "2.3"]
[White "Jakubiec, Edyta"]
[Black "Dziuba, Marcin"]
[Result "0-1"]
[WhiteElo "2232"]
[BlackElo "2580"]
[PlyCount "48"]
[EventDate "2019.10.03"]
[EventType "team-tourn"]
[EventRounds "9"]
[EventCountry "ISL"]
[SourceTitle "CBM 195 Extra"]
[Source "ChessBase"]
[SourceDate "2020.05.31"]
[SourceVersion "1"]
[SourceVersionDate "2020.05.31"]
[SourceQuality "1"]
[WhiteTeam "Vikingaklubburinn II"]
[BlackTeam "Vikingaklubburinn"]
[WhiteTeamCountry "ISL"]
[BlackTeamCountry "ISL"]

1. e4 c6 2. d4 d5 3. Nc3 dxe4 4. Nxe4 Bf5 5. Ng3 Bg6 6. h4 h6 7. h5 Bh7 8. Nf3 Nf6 9. Bd3 Bxd3 10. Qxd3 e6 11. Bd2 c5 12. Ne4 Nc6 13. Nxf6+ gxf6 14. Bc3 Rg8 15. 0-0-0 Qd5 16. Kb1 c4 17. Qf1 b5 18. Bd2 a5 19. Be3 a4 20. Nh4 b4 21. g3 b3 22. cxb3 axb3 23. a3 Qe4+ 24. Ka1 Bb4 0-1

[Event "POL-chT 2nd League"]
[Site "Jastrzebia Gora"]
[Date "2019.09.14"]
[Round "8.17"]
[White "Budkiewicz, Magdalena"]
[Black "Jakubiec, Edyta"]
[Result "0-1"]
[WhiteElo "1714"]
[BlackElo "2221"]
[PlyCount "86"]
[EventDate "2019.09.07"]
[EventType "team-swiss"]
[EventRounds "9"]
[EventCountry "POL"]
[SourceTitle "EXT 2020"]
[Source "ChessBase"]
[SourceDate "2019.10.17"]
[SourceVersion "1"]
[SourceVersionDate "2019.10.17"]
[SourceQuality "1"]
[WhiteTeam "Staniatki Goniec"]
[BlackTeam "Gliwice Roszada"]
[WhiteTeamCountry "POL"]
[BlackTeamCountry "POL"]

1. e4 c5 2. Nf3 Nc6 3. d4 cxd4 4. Nxd4 Nf6 5. Nc3 e5 6. Ndb5 d6 7. a4 a6 8. Na3 h6 9. Bc4 Be7 10. f3 Be6 11. Be3 Rc8 12. 0-0 Nb4 13. Nd5 Nbxd5 14. Bxd5 Bxd5 15. exd5 Nh5 16. Qd2 Bg5 17. c4 Bxe3+ 18. Qxe3 0-0 19. b4 f5 20. Rfd1 Nf4 21. Kh1 Qg5 22. Ra2 Qf6 23. c5 Rfd8 24. Rad2 a5 25. Nc4 axb4 26. Nxd6 Rxd6 27. cxd6 Qxd6 28. Qa7 b6 29. a5 bxa5 30. Qxa5 e4 31. fxe4 fxe4 32. Rd4 Nd3 33. Kg1 Qf4 34. R1xd3 Rc2 35. Rf3 Rxg2+ 36. Kxg2 Qxf3+ 37. Kg1 Qe3+ 38. Kg2 Qxd4 39. Qd8+ Kh7 40. Qd7 Qd2+ 41. Kf1 Qd3+ 42. Ke1 e3 43. Qe6 Qd2+ 0-1

[Event "POL-chT 2nd League"]
[Site "Jastrzebia Gora"]
[Date "2019.09.08"]
[Round "2.18"]
[White "Bukowska, Katarzyna"]
[Black "Jakubiec, Edyta"]
[Result "0-1"]
[WhiteElo "1859"]
[BlackElo "2221"]
[PlyCount "160"]
[EventDate "2019.09.07"]
[EventType "team-swiss"]
[EventRounds "9"]
[EventCountry "POL"]
[SourceTitle "EXT 2020"]
[Source "ChessBase"]
[SourceDate "2019.10.17"]
[SourceVersion "1"]
[SourceVersionDate "2019.10.17"]
[SourceQuality "1"]
[WhiteTeam "Konin Hetman"]
[BlackTeam "Gliwice Roszada"]
[WhiteTeamCountry "POL"]
[BlackTeamCountry "POL"]

1. e4 c5 2. Nf3 d6 3. d4 cxd4 4. Nxd4 Nf6 5. Nc3 a6 6. g3 e5 7. Nde2 b5 8. a4 b4 9. Nd5 Nxd5 10. Qxd5 Ra7 11. Be3 Be6 12. Qd3 Rb7 13. Bg2 Be7 14. 0-0 0-0 15. b3 Qc8 16. Rac1 Rc7 17. Qd2 Qb7 18. f4 f6 19. Rb1 Rfc8 20. Rfc1 Nc6 21. c3 bxc3 22. Nxc3 Nb4 23. a5 Rc6 24. Bb6 Bd8 25. Na4 Bxb6+ 26. Nxb6 Rxc1+ 27. Rxc1 Rxc1+ 28. Qxc1 Qc6 29. Qxc6 Nxc6 30. Bf1 Nxa5 31. Bxa6 Nxb3 32. Bd3 Kf8 33. Kf2 Ke8 34. Ke3 Nc5 35. Bc2 Kd8 36. Na4 Nd7 37. Nc3 Nb6 38. Bd3 Kc7 39. fxe5 dxe5 40. Nb1 Kd6 41. Nd2 Kc5 42. Ba6 Na4 43. Bf1 Kb4 44. Ba6 Nc5 45. Be2 Kc3 46. Bb5 Ba2 47. Be2 Ne6 48. Ba6 Nd4 49. Nf3 Nc2+ 50. Kf2 Be6 51. Bb5 Bg4 52. Ba6 Nb4 53. Bb5 Na2 54. Ke3 Nb4 55. Ne1 Be6 56. Be2 Bc4 57. Bg4 Nc6 58. Bd7 Na5 59. Bg4 Bf7 60. Be2 Bg6 61. Ba6 Nb3 62. Be2 Nc5 63. Bf3 Be8 64. Be2 Bc6 65. Bf3 Bb7 66. Bg2 Nb3 67. Nf3 Ba6 68. Ne1 Nd2 69. Nf3 Nc4+ 70. Ke2 Nb2+ 71. Ke1 Bb7 72. Nd2 Kd3 73. Nb3 Ke3 74. Nc5 Nd3+ 75. Nxd3 Kxd3 76. Kf2 Bxe4 77. Bf1+ Kd2 78. Be2 Bc2 79. Bg4 e4 80. Be2 e3+ 0-1

[Event "ISL-chT1 1819"]
[Site "Reykjavik"]
[Date "2018.11.10"]
[Round "3.4"]
[White "Jakubiec, Edyta"]
[Black "Thorsteinsdottir, Gudlaug"]
[Result "1-0"]
[WhiteElo "2201"]
[BlackElo "1991"]
[PlyCount "45"]
[EventDate "2018.11.08"]
[EventType "team-tourn"]
[EventRounds "9"]
[EventCountry "ISL"]
[SourceTitle "CBM 187 Extra"]
[Source "ChessBase"]
[SourceDate "2018.11.04"]
[SourceVersion "1"]
[SourceVersionDate "2018.11.04"]
[SourceQuality "1"]
[WhiteTeam "Vikingaklubburinn"]
[BlackTeam "Taflfelag Gardjabaejar"]
[WhiteTeamCountry "ISL"]
[BlackTeamCountry "ISL"]

1. e4 e5 2. Nf3 Nf6 3. d3 Nc6 4. Be2 d5 5. Nbd2 Be7 6. 0-0 0-0 7. c3 a5 8. a4 dxe4 9. dxe4 h6 10. Qc2 Bc5 11. Nc4 Qe7 12. h3 Nh5 13. Re1 Be6 14. Ne3 Nf4 15. Bf1 Qf6 16. Nf5 Kh8 17. g3 Nh5 18. g4 Nf4 19. Bxf4 exf4 20. e5 Bxf5 21. gxf5 Qe7 22. Qe4 g5 23. f6 1-0

[Event "ISL-chT1 1819"]
[Site "Reykjavik"]
[Date "2018.11.10"]
[Round "4.3"]
[White "Vigfusson, Vigfus Odon"]
[Black "Jakubiec, Edyta"]
[Result "1/2-1/2"]
[WhiteElo "1980"]
[BlackElo "2201"]
[PlyCount "123"]
[EventDate "2018.11.08"]
[EventType "team-tourn"]
[EventRounds "9"]
[EventCountry "ISL"]
[SourceTitle "CBM 187 Extra"]
[Source "ChessBase"]
[SourceDate "2018.11.04"]
[SourceVersion "1"]
[SourceVersionDate "2018.11.04"]
[SourceQuality "1"]
[WhiteTeam "Skakfelagidj Huginn II"]
[BlackTeam "Vikingaklubburinn"]
[WhiteTeamCountry "ISL"]
[BlackTeamCountry "ISL"]

1. e4 c5 2. c3 Nf6 3. e5 Nd5 4. d4 cxd4 5. Nf3 Nc6 6. Bc4 Nb6 7. Bb3 d5 8. exd6 Qxd6 9. 0-0 Be6 10. Na3 Bxb3 11. Qxb3 e6 12. Nb5 Qd7 13. Nbxd4 Nxd4 14. Nxd4 Be7 15. Rd1 0-0 16. Nf5 Qc7 17. Nxe7+ Qxe7 18. Be3 Nd5 19. c4 Nxe3 20. Qxe3 b6 21. Rd2 Rfd8 22. Rad1 Rxd2 23. Qxd2 h5 24. h3 Rc8 25. b3 Rc7 26. Qd8+ Qxd8 27. Rxd8+ Kh7 28. Kf1 Kg6 29. Ke2 Kf6 30. Kd3 Ke7 31. Rd4 Rc5 32. b4 Rg5 33. g3 Rf5 34. f4 g5 35. Ke3 a5 36. a3 axb4 37. axb4 gxf4+ 38. gxf4 f6 39. Ke4 h4 40. Rd2 Rh5 41. Ra2 Rh8 42. Ra7+ Kd6 43. Rf7 Rc8 44. Kd3 Rg8 45. Rxf6 Rg3+ 46. Kd4 Ke7 47. Rh6 Rxh3 48. Rh7+ Kf6 49. c5 bxc5+ 50. bxc5 Rh1 51. c6 Rc1 52. c7 h3 53. Ke4 h2 54. Rh6+ Ke7 55. Rxh2 Rc4+ 56. Ke5 Rc5+ 57. Kd4 Rxc7 58. Rh7+ Kd6 59. Rxc7 Kxc7 60. Ke5 Kd7 61. f5 exf5 62. Kxf5 1/2-1/2

[Event "POL-chT"]
[Site "Poland"]
[Date "2017.11.26"]
[Round "9.6"]
[White "Jakubiec, Edyta"]
[Black "Lach, Aleksandra"]
[Result "1/2-1/2"]
[WhiteElo "2233"]
[BlackElo "2224"]
[PlyCount "147"]
[EventDate "2017.05.05"]
[EventType "team-tourn"]
[EventRounds "9"]
[EventCountry "POL"]
[SourceTitle "EXT 2019"]
[Source "ChessBase"]
[SourceDate "2018.10.10"]
[SourceVersion "1"]
[SourceVersionDate "2018.10.10"]
[SourceQuality "1"]
[WhiteTeam "Dabrowa Gornicza Zaglebie"]
[BlackTeam "Czestochowa Hetman"]
[WhiteTeamCountry "POL"]
[BlackTeamCountry "POL"]

1. e4 c6 2. d4 d5 3. Nc3 g6 4. Nf3 Bg7 5. exd5 cxd5 6. Bb5+ Nc6 7. Ne5 Bxe5 8. dxe5 d4 9. Bxc6+ bxc6 10. Ne2 Qa5+ 11. Qd2 Qxe5 12. Qxd4 Qxd4 13. Nxd4 Ba6 14. Nb3 Nf6 15. Bd2 Ne4 16. Be3 f6 17. 0-0-0 Nd6 18. Rhe1 Kf7 19. Bc5 Rhd8 20. Na5 Rac8 21. Bxa7 c5 22. Nb3 c4 23. Nc5 Rc6 24. Ne6 Re8 25. f3 Bc8 26. Nf4 Ra6 27. Bc5 c3 28. Bxd6 Rxa2 29. bxc3 exd6 30. Rxe8 Kxe8 31. Rxd6 Bf5 32. Rd2 g5 33. Nd5 Kf7 34. Nb4 Ra1+ 35. Kb2 Rh1 36. h3 Rh2 37. Kc1 Be6 38. Kd1 h5 39. Ke1 h4 40. Rf2 Bc4 41. Nd3 Kg6 42. Kf1 Rh1+ 43. Ke2 Rg1 44. Ke3 Kf5 45. Re2 Ra1 46. Rd2 Bf7 47. Nf2 Re1+ 48. Re2 Ra1 49. Ne4 Ke5 50. Kf2 Bc4 51. Re1 Ra2 52. Nxg5+ Kf5 53. Ne4 Rxc2+ 54. Kg1 Bd5 55. c4 Bxc4 56. Nd6+ Kg5 57. Re4 Bd3 58. Rg4+ Kh5 59. Ne8 Rc1+ 60. Kh2 Rc6 61. Rd4 Bg6 62. Nd6 f5 63. f4 Rc5 64. Nc4 Bf7 65. Ne5 Rc7 66. Rd8 Bg6 67. Rf8 Bh7 68. Rf6 Rb7 69. Nf7 Bg6 70. Ne5 Bh7 71. Nf3 Rb4 72. Rf7 Kg6 73. Ne5+ Kh6 74. Rf6+ 1/2-1/2

[Event "POL-chT"]
[Site "Poland"]
[Date "2017.11.25"]
[Round "8.6"]
[White "Warakomska, Anna"]
[Black "Jakubiec, Edyta"]
[Result "1/2-1/2"]
[WhiteElo "2273"]
[BlackElo "2233"]
[PlyCount "91"]
[EventDate "2017.05.05"]
[EventType "team-tourn"]
[EventRounds "9"]
[EventCountry "POL"]
[SourceTitle "EXT 2019"]
[Source "ChessBase"]
[SourceDate "2018.10.10"]
[SourceVersion "1"]
[SourceVersionDate "2018.10.10"]
[SourceQuality "1"]
[WhiteTeam "Gliwice Akademia Szachowa"]
[BlackTeam "Dabrowa Gornicza Zaglebie"]
[WhiteTeamCountry "POL"]
[BlackTeamCountry "POL"]

1. e4 e6 2. d4 d5 3. Nd2 Nc6 4. Ngf3 Nf6 5. e5 Nd7 6. Nb3 a5 7. a4 b6 8. Bb5 Ncb8 9. Qe2 Be7 10. 0-0 c6 11. Bd3 Ba6 12. c4 dxc4 13. Bxc4 Bxc4 14. Qxc4 Nf8 15. Qc2 Ng6 16. Be3 Qd5 17. Rac1 0-0 18. Nbd2 Ra7 19. Ne4 Rc8 20. Nfd2 Na6 21. Nc4 Nb4 22. Qb1 Qd8 23. Rfd1 Nd5 24. Qd3 Ngf4 25. Bxf4 Nxf4 26. Qf3 Nd5 27. Ncd6 Bxd6 28. Nxd6 Rcc7 29. Qg3 Ra8 30. Re1 Ne7 31. Qf3 Qf8 32. Re4 Rd8 33. Rg4 Nf5 34. Nxf5 exf5 35. Qxf5 Qe7 36. h4 g6 37. Qe4 Rd5 38. h5 Qe6 39. hxg6 hxg6 40. Qf4 c5 41. Qf3 Rc6 42. dxc5 Rxe5 43. Rgc4 Rexc5 44. Rxc5 Rxc5 45. Rxc5 Qe1+ 46. Kh2 1/2-1/2

[Event "Krakow op-A 27th"]
[Site "Krakow"]
[Date "2017.01.02"]
[Round "7"]
[White "Jakubiec, Edyta"]
[Black "Al Hajiri, Bader"]
[Result "1-0"]
[WhiteElo "2237"]
[BlackElo "2145"]
[PlyCount "51"]
[EventDate "2016.12.27"]
[EventType "swiss"]
[EventRounds "9"]
[EventCountry "POL"]
[SourceTitle "CBM 176 Extra"]
[Source "ChessBase"]
[SourceDate "2017.03.02"]
[SourceVersion "1"]
[SourceVersionDate "2017.03.02"]
[SourceQuality "1"]

1. e4 e5 2. Nf3 Nc6 3. Bc4 Nf6 4. d3 d6 5. c3 Be7 6. 0-0 0-0 7. Re1 Be6 8. Bb5 a6 9. Ba4 b5 10. Bc2 Bg4 11. h3 Bh5 12. Nbd2 Re8 13. Nf1 h6 14. Ng3 Bg6 15. a4 Qd7 16. Nh4 Bh7 17. Qf3 Qe6 18. Nhf5 Bf8 19. Ra3 d5 20. Bb3 Red8 21. exd5 Nxd5 22. axb5 Bxa3 23. bxc6 Qxc6 24. Rxe5 Qf6 25. Rxd5 Be7 26. Ne4 1-0

[Event "POL-chT"]
[Site "Poland"]
[Date "2016.09.25"]
[Round "6.4"]
[White "Bartel, Marta"]
[Black "Jakubiec, Edyta"]
[Result "1/2-1/2"]
[WhiteElo "2270"]
[BlackElo "2183"]
[PlyCount "113"]
[EventDate "2016.06.24"]
[EventType "team-tourn"]
[EventRounds "9"]
[EventCountry "POL"]
[SourceTitle "EXT 2017"]
[Source "ChessBase"]
[SourceDate "2016.10.25"]
[SourceVersion "1"]
[SourceVersionDate "2016.10.25"]
[SourceQuality "1"]
[WhiteTeam "Wisznia Mala"]
[BlackTeam "Dabrowa Gornicza Zaglebie"]
[WhiteTeamCountry "POL"]
[BlackTeamCountry "POL"]

1. d4 d5 2. Bf4 Nf6 3. e3 e6 4. Nf3 Bd6 5. Bg3 c5 6. Nbd2 Nc6 7. c3 Bxg3 8. hxg3 Qd6 9. Rc1 0-0 10. Bd3 h6 11. 0-0 e5 12. dxe5 Nxe5 13. Nxe5 Qxe5 14. Nf3 Qh5 15. Nh2 Qe5 16. Qa4 Bf5 17. Nf3 Qe6 18. Bxf5 Qxf5 19. Rfd1 Rfe8 20. Qf4 Qd7 21. Ne5 Qb5 22. Rc2 Qa6 23. a3 Qe6 24. Nd3 g5 25. Qf3 b6 26. Nc1 Kg7 27. Rcd2 Rac8 28. g4 Qxg4 29. Qxg4 Nxg4 30. Rxd5 Re7 31. Ne2 Nf6 32. R5d3 Rcc7 33. Ng3 Kg6 34. Rd6 Rcd7 35. Kf1 Rxd6 36. Rxd6 Re6 37. Rd8 h5 38. Ne2 h4 39. Ng1 Re8 40. Rd6 Re6 41. Rd1 Ne4 42. Ke2 Rd6 43. Rxd6+ Nxd6 44. Kd3 Kf5 45. f3 Ke5 46. e4 f5 47. exf5 Kxf5 48. Ne2 g4 49. fxg4+ Kxg4 50. b3 Nf5 51. a4 Ng3 52. Ng1 Nf5 53. Ne2 Ng3 54. Ng1 Nf5 55. Ne2 Ng3 56. Ng1 Nf5 57. Ne2 1/2-1/2

[Event "POL-chT"]
[Site "Poland"]
[Date "2016.09.23"]
[Round "4.5"]
[White "Kulon, Klaudia"]
[Black "Jakubiec, Edyta"]
[Result "0-1"]
[WhiteElo "2304"]
[BlackElo "2183"]
[PlyCount "196"]
[EventDate "2016.06.24"]
[EventType "team-tourn"]
[EventRounds "9"]
[EventCountry "POL"]
[SourceTitle "EXT 2017"]
[Source "ChessBase"]
[SourceDate "2016.10.25"]
[SourceVersion "1"]
[SourceVersionDate "2016.10.25"]
[SourceQuality "1"]
[WhiteTeam "Miedzyborow Wrzos"]
[BlackTeam "Dabrowa Gornicza Zaglebie"]
[WhiteTeamCountry "POL"]
[BlackTeamCountry "POL"]

1. e4 c6 2. d4 d5 3. Nc3 dxe4 4. Nxe4 Nf6 5. Nxf6+ gxf6 6. c3 h5 7. Be2 h4 8. h3 Bf5 9. Bf4 e6 10. Qb3 Qb6 11. Nf3 Nd7 12. 0-0 0-0-0 13. Nd2 Bh6 14. Bxh6 Rxh6 15. Qxb6 Nxb6 16. Bf3 e5 17. Rfe1 exd4 18. cxd4 Rxd4 19. Nb3 Rd8 20. Re7 Rd7 21. Rae1 Be6 22. Re8+ Rd8 23. Rxd8+ Kxd8 24. Nc5 Bc8 25. Re4 Kc7 26. Re8 Nc4 27. b3 Nd6 28. Rf8 f5 29. Kf1 b6 30. Nd3 Ba6 31. Ke2 Bxd3+ 32. Kxd3 a5 33. Kd4 b5 34. a4 Kb6 35. Be2 Rg6 36. Bf1 Re6 37. Bd3 bxa4 38. bxa4 Ne4 39. Rb8+ Kc7 40. Ra8 Nxf2 41. Bxf5 Rd6+ 42. Kc4 Kb6 43. Rb8+ Kc7 44. Rh8 Nd1 45. Be4 Nb2+ 46. Kb3 Nxa4 47. Bf3 Rd4 48. Rh6 Rb4+ 49. Ka3 Rc4 50. Be2 Rf4 51. Bf3 f6 52. Bg4 Nc3 53. Rxh4 Nb5+ 54. Kb2 Rf2+ 55. Kb3 Rxg2 56. Rh7+ Kd6 57. Ka4 Ra2+ 58. Kb3 Ra3+ 59. Kb2 Rg3 60. Rf7 Ke5 61. Re7+ Kd5 62. Rf7 Rg2+ 63. Kb3 Nd4+ 64. Kc3 Rg3+ 65. Kb2 Ke5 66. Ra7 Rg2+ 67. Kb1 f5 68. Rxa5+ Ke4 69. Bh5 Rg3 70. Rc5 Rxh3 71. Bg6 Rh1+ 72. Kb2 Rh2+ 73. Ka3 Rh6 74. Bf7 f4 75. Kb4 f3 76. Bc4 Rh2 77. Ra5 f2 78. Ra8 Rh5 79. Kc3 Rh3+ 80. Kb4 Rh5 81. Kc3 Nf5 82. Kd2 Ng3 83. Rf8 Rh2 84. Kc3 Ke3 85. Re8+ Ne4+ 86. Kb4 Rh1 87. Rf8 Rb1+ 88. Ka5 Nd2 89. Ba6 c5 90. Re8+ Ne4 91. Rf8 Rb4 92. Bb5 Nd6 93. Bf1 Rb1 94. Bg2 Nc4+ 95. Ka6 Nd2 96. Re8+ Kd3 97. Rd8+ Kc3 98. Rc8 c4 0-1

[Event "Warsaw Najdorf Memorial op-A 14th"]
[Site "Warsaw"]
[Date "2016.07.16"]
[Round "9"]
[White "Jakubiec, Edyta"]
[Black "De Marchi, Olivier"]
[Result "1/2-1/2"]
[WhiteElo "2176"]
[BlackElo "2286"]
[PlyCount "42"]
[EventDate "2016.07.08"]
[EventType "swiss"]
[EventRounds "9"]
[EventCountry "POL"]
[SourceTitle "CBM 173 Extra"]
[Source "ChessBase"]
[SourceDate "2016.08.29"]
[SourceVersion "1"]
[SourceVersionDate "2016.08.29"]
[SourceQuality "1"]

1. e4 c5 2. Nf3 g6 3. d4 cxd4 4. Qxd4 Nf6 5. Nc3 Nc6 6. Qa4 d6 7. e5 dxe5 8. Nxe5 Bd7 9. Nxd7 Qxd7 10. Be3 Bg7 11. Rd1 Qg4 12. Qb5 0-0 13. Qxb7 Nb4 14. Rd2 Rab8 15. Qf3 Rfc8 16. Be2 Qe6 17. 0-0 Nxa2 18. Nxa2 Qxa2 19. b3 Rxc2 20. Rxc2 Qxc2 21. Bxa7 Rd8 1/2-1/2

[Event "Warsaw Najdorf Memorial op-A 14th"]
[Site "Warsaw"]
[Date "2016.07.13"]
[Round "6"]
[White "Jakubiec, Edyta"]
[Black "Klenburg, Mikhail"]
[Result "1/2-1/2"]
[WhiteElo "2176"]
[BlackElo "2370"]
[PlyCount "156"]
[EventDate "2016.07.08"]
[EventType "swiss"]
[EventRounds "9"]
[EventCountry "POL"]
[SourceTitle "CBM 173 Extra"]
[Source "ChessBase"]
[SourceDate "2016.08.29"]
[SourceVersion "1"]
[SourceVersionDate "2016.08.29"]
[SourceQuality "1"]

1. e4 d6 2. d4 Nf6 3. Nc3 g6 4. f4 Bg7 5. Nf3 0-0 6. Bd3 Na6 7. 0-0 c5 8. d5 Bg4 9. Bc4 Nd7 10. h3 Bxf3 11. Qxf3 Nc7 12. a4 a6 13. a5 b5 14. axb6 Nxb6 15. Be2 Qb8 16. h4 e6 17. dxe6 Nxe6 18. f5 Nd4 19. Qf2 Nxe2+ 20. Qxe2 Re8 21. f6 Bf8 22. Rxa6 d5 23. Bf4 Qb7 24. Rxa8 Qxa8 25. Qb5 Re6 26. exd5 Nxd5 27. Nxd5 Qxd5 28. Qd3 Qc6 29. h5 c4 30. Qf3 Qb6+ 31. Kh1 Qxb2 32. hxg6 hxg6 33. Bg5 Qxc2 34. Rd1 Qa4 35. Rd8 Qa1+ 36. Kh2 Qe5+ 37. Qf4 c3 38. Rc8 c2 39. Rxc2 Qxf4+ 40. Bxf4 Rxf6 41. Kg3 Rf5 42. Rc8 Kg7 43. Bh6+ Kxh6 44. Rxf8 Kg5 45. Ra8 Rb5 46. Ra3 f5 47. Rc3 Rb4 48. Ra3 Kh5 49. Ra8 g5 50. Rh8+ Kg6 51. Rg8+ Kh6 52. Rh8+ Kg7 53. Ra8 Rb3+ 54. Kf2 Rb2+ 55. Kf3 Rb3+ 56. Kf2 Kg6 57. g3 Rb2+ 58. Kg1 Rd2 59. Ra6+ Kh5 60. Ra4 Re2 61. Kf1 Re4 62. Ra2 Kg4 63. Kg2 Rb4 64. Rc2 Rb3 65. Rc4+ f4 66. gxf4 gxf4 67. Rc2 Rg3+ 68. Kf1 Rh3 69. Rg2+ Rg3 70. Ra2 Kh3 71. Ra8 Rf3+ 72. Kg1 Kg4 73. Rg8+ Kf5 74. Kg2 Re3 75. Kf2 Ra3 76. Rf8+ Ke4 77. Re8+ Kf5 78. Rf8+ Ke4 1/2-1/2

[Event "Warsaw Najdorf Memorial op-A 14th"]
[Site "Warsaw"]
[Date "2016.07.10"]
[Round "3"]
[White "Wisniewski, Michal"]
[Black "Jakubiec, Edyta"]
[Result "1/2-1/2"]
[WhiteElo "2235"]
[BlackElo "2176"]
[PlyCount "148"]
[EventDate "2016.07.08"]
[EventType "swiss"]
[EventRounds "9"]
[EventCountry "POL"]
[SourceTitle "CBM 173 Extra"]
[Source "ChessBase"]
[SourceDate "2016.08.29"]
[SourceVersion "1"]
[SourceVersionDate "2016.08.29"]
[SourceQuality "1"]

1. e4 c5 2. Nf3 d6 3. d4 cxd4 4. Qxd4 Nc6 5. Bb5 Bd7 6. Qd3 Nf6 7. c4 g6 8. Nc3 Bg7 9. h3 0-0 10. Be3 a6 11. Bxc6 Bxc6 12. 0-0 Rc8 13. Rac1 Nd7 14. Nd4 Nc5 15. Qc2 Ne6 16. Nxe6 fxe6 17. Qb3 Qd7 18. f3 b5 19. cxb5 Bxb5 20. Nxb5 axb5 21. Rfd1 Kh8 22. Qb4 Ra8 23. a3 Rfc8 24. Bd4 Bxd4+ 25. Qxd4+ Kg8 26. h4 Ra4 27. Qb6 Rac4 28. Rxc4 Rxc4 29. Rd4 Rxd4 30. Qxd4 e5 31. Qd5+ e6 32. Qa8+ Kg7 33. Qb8 Qc6 34. Kh2 Qd7 35. b3 h6 36. a4 bxa4 37. bxa4 Qxa4 38. Qxd6 Qe8 39. Qxe5+ Kh7 40. Qf6 Qd7 41. Qf8 h5 42. Kh3 Qc7 43. Qf6 Qd7 44. Kg3 Qd6+ 45. Qf4 Qe7 46. Qe5 Kg8 47. Kh3 Qf7 48. Qg5 Kh7 49. Qe3 Qd7 50. Qc3 Qe7 51. g4 hxg4+ 52. Kxg4 e5 53. Qc6 Qf7 54. Qc1 Qd7+ 55. Kg3 Qd4 56. Kg2 Kg7 57. Qg5 Kf7 58. Kh3 Qd7+ 59. Qg4 Qd1 60. Qg2 Qd7+ 61. Kg3 Qd4 62. Qf2 Qd6 63. Qa7+ Kg8 64. Kg4 Qf6 65. Qe3 Kh7 66. Qg5 Qe6+ 67. Kg3 Qd6 68. h5 gxh5 69. Qxh5+ Kg7 70. Qf5 Qd4 71. Kh4 Qf2+ 72. Kh5 Qh2+ 73. Kg5 Qd2+ 74. f4 Qxf4+ 1/2-1/2

[Event "Warsaw Najdorf Memorial op-A 14th"]
[Site "Warsaw"]
[Date "2016.07.09"]
[Round "2"]
[White "Jakubiec, Edyta"]
[Black "Polok, Kacper"]
[Result "0-1"]
[WhiteElo "2176"]
[BlackElo "2292"]
[PlyCount "56"]
[EventDate "2016.07.08"]
[EventType "swiss"]
[EventRounds "9"]
[EventCountry "POL"]
[SourceTitle "CBM 173 Extra"]
[Source "ChessBase"]
[SourceDate "2016.08.29"]
[SourceVersion "1"]
[SourceVersionDate "2016.08.29"]
[SourceQuality "1"]

1. e4 c5 2. Nf3 Nc6 3. Bb5 g6 4. 0-0 Bg7 5. Re1 e5 6. Nc3 Nge7 7. a3 0-0 8. Bc4 d6 9. d3 h6 10. Nd5 Kh7 11. Nxe7 Qxe7 12. c3 a5 13. b3 f5 14. Bb2 f4 15. h3 h5 16. Nh2 Bd7 17. a4 Rf6 18. Ra2 Raf8 19. Nf3 Bh6 20. d4 g5 21. dxe5 dxe5 22. Bc1 g4 23. Nh2 gxh3 24. Qxh5 Qg7 25. Qf3 Rg6 26. Rd2 Rff6 27. Red1 Rxg2+ 28. Kh1 Rfg6 0-1

[Event "Warsaw Najdorf Memorial op-A 14th"]
[Site "Warsaw"]
[Date "2016.07.08"]
[Round "1.61"]
[White "Lindgren, Philip"]
[Black "Jakubiec, Edyta"]
[Result "1-0"]
[WhiteElo "2411"]
[BlackElo "2176"]
[PlyCount "77"]
[EventDate "2016.07.08"]
[EventType "swiss"]
[EventRounds "9"]
[EventCountry "POL"]
[SourceTitle "EXT 2023"]
[Source "ChessBase"]
[SourceDate "2022.10.05"]
[SourceVersion "1"]
[SourceVersionDate "2022.10.05"]
[SourceQuality "1"]

1. d4 f5 2. Nf3 Nf6 3. g3 d6 4. Bg2 g6 5. 0-0 Bg7 6. b3 0-0 7. Bb2 Ne4 8. Nbd2 Nc6 9. Ne1 Ng5 10. Ndf3 Nf7 11. c4 e5 12. Nc2 e4 13. Nfe1 a5 14. f3 exf3 15. exf3 f4 16. g4 d5 17. c5 b6 18. Nd3 g5 19. cxb6 cxb6 20. Re1 Ba6 21. Qd2 Qd7 22. Bf1 Rfe8 23. a4 Qd6 24. Nf2 Bxf1 25. Kxf1 Qh6 26. Kg2 Bf6 27. Re2 Qg7 28. Rae1 Rxe2 29. Rxe2 Rc8 30. Qd3 Nd6 31. Re6 Rd8 32. Ba3 Be7 33. Bxd6 Bxd6 34. Qb5 Nxd4 35. Nxd4 Qxd4 36. Rxd6 Rxd6 37. Qe8+ Kg7 38. Qe7+ Kg8 39. Qxd6 1-0

[Event "POL-chT"]
[Site "Poland"]
[Date "2016.06.26"]
[Round "3.6"]
[White "Zawadzka, Jolanta"]
[Black "Jakubiec, Edyta"]
[Result "1-0"]
[WhiteElo "2442"]
[BlackElo "2183"]
[PlyCount "77"]
[EventDate "2016.06.24"]
[EventType "team-tourn"]
[EventRounds "9"]
[EventCountry "POL"]
[SourceTitle "CBM 173 Extra"]
[Source "ChessBase"]
[SourceDate "2016.08.29"]
[SourceVersion "1"]
[SourceVersionDate "2016.08.29"]
[SourceQuality "1"]
[WhiteTeam "Wroclaw Polonia"]
[BlackTeam "Dabrowa Gornicza Zaglebie"]
[WhiteTeamCountry "POL"]
[BlackTeamCountry "POL"]

1. e4 c5 2. Nf3 d6 3. d4 cxd4 4. Nxd4 Nf6 5. Nc3 a6 6. Be3 e5 7. Nb3 Be6 8. f4 exf4 9. Bxf4 Nc6 10. h3 Be7 11. Qe2 Nd7 12. 0-0-0 Qc7 13. g4 Rc8 14. Kb1 Nce5 15. Qg2 Nb6 16. g5 0-0 17. h4 Nbc4 18. Bxc4 Nxc4 19. Nd5 Bxd5 20. Rxd5 Rfe8 21. h5 Bf8 22. g6 fxg6 23. hxg6 h6 24. Rf5 Qe7 25. Re1 Qh4 26. Rf1 Ne5 27. Bxe5 dxe5 28. Nc1 Qd8 29. Rf7 Qb6 30. Nd3 Qc6 31. R1f5 Bd6 32. c3 Qb5 33. Qf3 Rxc3 34. Rxg7+ Kh8 35. Rh7+ Kg8 36. Rxe5 Qxd3+ 37. Qxd3 Rxd3 38. Rxe8+ Bf8 39. Rf7 1-0

[Event "Mittelrhein Regionalliga 15/16"]
[Site "Nordrheinwestfalen"]
[Date "2016.04.10"]
[Round "9.3"]
[White "Kewes, Gerd"]
[Black "Jakubiec, Edyta"]
[Result "0-1"]
[WhiteElo "2004"]
[BlackElo "2203"]
[PlyCount "76"]
[EventDate "2015.09.27"]
[EventType "team-tourn"]
[EventRounds "9"]
[EventCountry "GER"]
[SourceTitle "EXT 2022"]
[Source "ChessBase"]
[SourceDate "2021.10.06"]
[SourceVersion "1"]
[SourceVersionDate "2021.10.06"]
[SourceQuality "1"]
[WhiteTeam "Koeln SF II"]
[BlackTeam "Aachen DJK Aufwärts III"]
[WhiteTeamCountry "GER"]
[BlackTeamCountry "GER"]

1. e4 c5 2. Nf3 d6 3. d4 cxd4 4. Nxd4 Nf6 5. Nc3 a6 6. a4 g6 7. Be2 Bg7 8. 0-0 Nc6 9. Be3 0-0 10. Qd2 Ng4 11. Bxg4 Bxg4 12. h3 Bd7 13. Rad1 Re8 14. Nd5 Rb8 15. b3 b5 16. axb5 axb5 17. Nb4 Nxb4 18. Qxb4 Qc7 19. Ra1 Rec8 20. Ra2 Qb7 21. f3 e5 22. Ne2 d5 23. Ra7 Qc6 24. exd5 Qxd5 25. Nc3 Qc6 26. Ne4 Bf8 27. Qd2 Bf5 28. Ng5 Rb7 29. Rfa1 Rbc7 30. R1a6 Qxc2 31. Qd5 Qc3 32. Bf2 Qc1+ 33. Kh2 Qxg5 34. Rxc7 Rxc7 35. Ra8 Rc8 36. Bc5 Rxa8 37. Qxa8 Qf4+ 38. g3 Qd2+ 0-1